| 000 | 00946nam a22002417a 4500 | ||
|---|---|---|---|
| 999 |
_c5628 _d5628 |
||
| 003 | OSt | ||
| 005 | 20251010132520.0 | ||
| 008 | 251010b ||||| |||| 00| 0 eng d | ||
| 020 |
_a9781409591528 _qbook set |
||
| 040 | _cKH8 | ||
| 082 | _aFIC DAV | ||
| 100 |
_aDavidson, Susanna, _eauthor. |
||
| 245 |
_aThe Three Little Pigs / _cretold by Susanna Davidson ; illustrated by Georgien Overwater. |
||
| 260 |
_aEngland ; _bEngland Publishing Ltd , _c2007. |
||
| 300 |
_a48 pages: _bcolor illustrations ; _c20 cm. |
||
| 490 |
_aUsborne First Reading _vlevel three |
||
| 520 | _aThe three little pigs are going out into the bog wide world to make homes of their own. " Watch out for the Big Bad Wolf," says Mother Pig, And so they should... for he's right behind them! | ||
| 650 |
_aEasy reading _vfiction |
||
| 650 |
_aStory book _vfiction |
||
| 700 |
_aOverwater, Georgien, _eillustrator. |
||
| 830 | _aUsborne First Reading | ||
| 942 |
_2ddc _cFIC |
||